Imaging the past : electronic imaging and computer graphics in museums and archaeology /

محفوظ في:

مؤلف مشترك: British Museum.

مؤلفون آخرون: Higgins, Tony, 1963-, Main, Peter., Lang, Janet, 1938-

التنسيق: كتاب

اللغة: English

منشور في: London : British Museum, c1996.

سلاسل: Occasional paper (British Museum) ; 114.

الموضوعات:

الوسوم: إضافة وسم

لا توجد وسوم, كن أول من يضع وسما على هذه التسجيلة!

رقم الطلب: CC79 .I44 I42 1996

LEADER 01023namaa2200289 4500
001 12074
003 OSt
005 20251026084343.0
008 130303s1996 enkaef b 100 0 eng d
020 |a 0861591143 
040 |c ARCE Library 
050 4 |a CC79 .I44 I42 1996 
245 0 0 |a Imaging the past :   |b electronic imaging and computer graphics in museums and archaeology /   |c edited by Tony Higgins, Peter Main and Janet Lang. 
264 1 |a London :   |b British Museum,   |c c1996. 
300 |a viii, 295 pages, [16] pages of plates :   |b illustrations (some color), plans ;   |c 30 cm. 
490 1 |a Occasional paper ;   |v 114. 
500 |a Conference proceedings. 
504 |a Includes bibliographical references. 
650 0 |a Imaging systems in archaeology  |v Congresses. 
700 1 |a Higgins, Tony,   |d 1963- 
700 1 |a Main, Peter.  |9 35198 
700 1 |a Lang, Janet,  |d 1938- 
710 2 |a British Museum. 
830 0 |a Occasional paper (British Museum) ;   |v 114. 
901 |a reviewed 
942 |c BK  |2 lcc 
999 |c 12338  |d 12338